Love Island 2023 Winter Series - Statistics

General Stats
  • This quiz has been taken 175 times
    173 since last reset
  • The average score is 10 of 15
Answer Stats
Answer % Correct
Olivia
90%
Lana
89%
Ron
86%
Tom
82%
Shaq
78%
Tanya
78%
Kai
77%
Will
77%
Jessie
71%
Tanyel
67%
Zara
65%
Anna-May
50%
Haris
49%
Aaron
46%
David
35%
No matching quizzes found
Score Distribution
Percent of People with Each Score
Percentile by Number Answered
Your Score History
You have not taken this quiz since the last reset